Zadymiarze na literę ,,G'' Brawl stars 2024 - Statystyki

Ogólne statystyki
  • Ten quiz został rozwiązany 107 razy
    96 od ostatniego zresetowania
  • Średni wynik to 3 z 6
Statystyki odpowiedzi
Rzadkość Zadymiarze na ,,G'' % Poprawnych
Bardzo rzadki Gus
70%
Epicki Gale
57%
Epicki Grom
57%
Mityczny Gene
43%
Mityczny Gray
43%
Epicki Griff
41%
Nie znaleziono quizów pasujących do podanych kryteriów
Rozkład punktacji
Procent ludzi z każdym wynikiem
Percentyl według liczby udzielonych odpowiedzi
Twoja historia wyników
Nie rozwiązałeś tego quizu od ostatniego zresetowania